000 00699nam a2200265Ia 4500
005 20260121170556.0
008 008 260114s9999 xx 000 0 eng d
020 _a9789811052491
037 _aEBOOK
040 _aCRL
040 _beng
040 _cCRL
041 _2eng
041 _aeng
084 _qCRL
100 _aRonel Erwee, Meredith A. Harmes, Marcus K. Harmes, Patrick Alan Danaher
_91065567
245 0 _aPostgraduate Education in Higher Education
260 _bSpringer
260 _bSpringer
260 _c2018
856 _uhttps://link.springer.com/openurl?genre=book&isbn=978-981-10-5249-1
942 _cEBOOK
999 _c1631297
_d1631297